Statistics for Movies with Numbers in the Title #2

Click here to take the quiz!

General Stats

  • This quiz has been taken 16,125 times
    (8,958 since last reset)
  • The average score is 9 of 20

Answer Stats

Clue Movie % Correct
101 + Glenn Close101 Dalmatians
82%
1,000,000 + Hillary SwankMillion Dollar Baby
69%
27 + Katherine Heigl27 Dresses
61%
4 + Jessica AlbaThe Fantastic Four
61%
1 + Harrison FordAir Force One
57%
12 + Henry FondaTwelve Angry Men
55%
33 ⅓ + Leslie NielsenNaked Gun 33⅓
54%
10 + Kate HudsonHow to Lose a Guy
in 10 Days
49%
7 + Marilyn MonroeThe Seven Year Itch
48%
10 + Julia Stiles10 Things I Hate About You
48%
911 + Michael MooreFahrenheit 9/11
47%
7 + Akira KurosawaSeven Samurai
40%
7 + Will SmithSeven Pounds
40%
3 + Chevy ChaseThree Amigos
39%
23 + Jim CarreyThe Number 23
36%
13 + Al PacinoOcean's Thirteen
35%
310 + Russell Crowe3:10 to Yuma
35%
9 + Hugh GrantNine Months
33%
4 + Mark WahlbergFour Brothers
30%
22 + Alan ArkinCatch-22
26%

Score Distribution

Percentile by Number Answered

Percent of People with Each Score

Your Score History

You have not taken this quiz since the last reset